[Event "ISR-ch op"]
[Site "Acre"]
[Date "2024.01.27"]
[Round "7"]
[White "Ljubarov, Mark"]
[Black "Efroimski, Marsel"]
[Result "1/2-1/2"]
[WhiteElo "2305"]
[BlackElo "2434"]
[PlyCount "116"]
[EventDate "2024.01.21"]
[EventType "swiss"]
[EventRounds "9"]
[EventCountry "ISR"]
[SourceTitle "CB05_2024"]
[SourceDate "2024.01.31"]
[SourceVersion "1"]
[SourceVersionDate "2024.01.31"]
[SourceQuality "1"]

1. d4 Nf6 2. c4 e6 3. Nf3 Bb4+ 4. Bd2 Qe7 5. g3 Nc6 6. Bg2 Bxd2+ 7. Nbxd2 d6 8. 0-0 a5 9. e4 e5 10. d5 Nb8 11. Ne1 h5 12. Nd3 h4 13. f4 hxg3 14. hxg3 Ng4 15. Qe2 g5 16. fxe5 Nxe5 17. Nxe5 dxe5 18. Qe3 Na6 19. c5 Nxc5 20. Rac1 b6 21. Nc4 Ba6 22. d6 Qe6 23. Qxg5 Bxc4 24. Rf6 cxd6 25. Rxe6+ Bxe6 26. Rd1 Rd8 27. Bf1 Nxe4 28. Qe3 Nc5 29. Rxd6 Rxd6 30. Qxe5 Ke7 31. Qxh8 Bxa2 32. Qh4+ Kf8 33. Qh8+ Ke7 34. Bb5 Bb3 35. g4 Rg6 36. Kf2 Ne4+ 37. Kf3 Nc5 38. g5 Bd5+ 39. Ke3 Re6+ 40. Kd4 Bc6 41. Bxc6 Rxc6 42. Kd5 Rd6+ 43. Kc4 Nd7 44. Qh4 Rc6+ 45. Kb5 Rg6 46. Ka6 Nc5+ 47. Ka7 Kf8 48. Qd4 Kg8 49. Qe3 Re6 50. Qg3 Nd7 51. Kb7 Nf8 52. Kc7 Rg6 53. Kb7 Re6 54. Qd3 Nh7 55. Qd8+ Kg7 56. Qd4+ Kg8 57. Qd8+ Nf8 58. Qd3 Nh7 1/2-1/2

[Event "Titled Tuesday intern op 19th Sep Early"]
[Site "Chess.com INT"]
[Date "2023.09.19"]
[Round "7"]
[White "Ardila, Oscar Humberto"]
[Black "Ljubarov, Mark"]
[Result "0-1"]
[WhiteElo "1979"]
[BlackElo "2305"]
[PlyCount "134"]
[EventDate "2023.09.19"]
[EventType "swiss (blitz)"]
[EventRounds "11"]
[EventCountry "USA"]
[SourceTitle "EXT 2024"]
[Source "ChessBase"]
[SourceDate "2023.10.10"]
[SourceVersion "1"]
[SourceVersionDate "2023.10.10"]
[SourceQuality "1"]

1. d4 Nf6 2. c4 e6 3. Nc3 Bb4 4. Bd2 0-0 5. Nf3 c5 6. dxc5 Na6 7. a3 Bxc3 8. Bxc3 Nxc5 9. b4 Nce4 10. Bb2 d5 11. e3 b6 12. Be2 Bb7 13. 0-0 Rc8 14. Rc1 h6 15. Nd4 dxc4 16. Bxc4 Bd5 17. Ba6 Rxc1 18. Qxc1 Qd7 19. f3 Nd6 20. Rd1 Qa4 21. e4 Qxa6 22. exd5 Nxd5 23. Nc6 Qe2 24. Nd4 Qe3+ 25. Qxe3 Nxe3 26. Rd3 Nec4 27. Bc1 b5 28. Nc6 a6 29. Bf4 Nf5 30. g4 Nh4 31. Bg3 Ng6 32. h4 Rc8 33. Na7 Nge5 34. Rc3 Ra8 35. Bxe5 Rxa7 36. Bd4 Rd7 37. Bc5 g5 38. hxg5 hxg5 39. a4 Kg7 40. axb5 axb5 41. Kf2 Rd2+ 42. Kg3 Kg6 43. Rc1 Rd3 44. Kf2 Ne5 45. f4 gxf4 46. Ke2 Rg3 47. Ra1 Rg2+ 48. Kf1 Rxg4 49. Ra7 f3 50. Kf2 Rf4 51. Ke3 Rf5 52. Ra2 Ng4+ 53. Ke4 f2 54. Bxf2 Rxf2 55. Ra5 Rf5 56. Ra7 Nf6+ 57. Kd3 Nd5 58. Rb7 Nxb4+ 59. Ke4 Nd5 60. Kd3 b4 61. Rb8 e5 62. Ke4 Nf6+ 63. Ke3 Rf4 64. Rb6 Kf5 65. Kd3 Rd4+ 66. Ke3 Nd5+ 67. Kf3 Nxb6 0-1

[Event "Titled Tuesday intern op 19th Sep Early"]
[Site "Chess.com INT"]
[Date "2023.09.19"]
[Round "9"]
[White "Cardozo Munar, Carlos Eduardo"]
[Black "Ljubarov, Mark"]
[Result "1-0"]
[WhiteElo "2043"]
[BlackElo "2305"]
[PlyCount "121"]
[EventDate "2023.09.19"]
[EventType "swiss (blitz)"]
[EventRounds "11"]
[EventCountry "USA"]
[SourceTitle "EXT 2024"]
[Source "ChessBase"]
[SourceDate "2023.10.10"]
[SourceVersion "1"]
[SourceVersionDate "2023.10.10"]
[SourceQuality "1"]

1. e4 c6 2. Nf3 d5 3. Nc3 dxe4 4. Nxe4 Nf6 5. Nxf6+ exf6 6. g3 Bd6 7. Bg2 Qe7+ 8. Qe2 Qxe2+ 9. Kxe2 Be6 10. d3 Nd7 11. Be3 0-0 12. a4 Rfe8 13. a5 f5 14. Kd2 g6 15. a6 b6 16. Nd4 Bd5 17. Bxd5 cxd5 18. Rhe1 Rac8 19. Nb5 Bb8 20. Bf4 Bxf4+ 21. gxf4 Rxe1 22. Rxe1 Kf8 23. Nxa7 Ra8 24. Nb5 Rxa6 25. Nc7 Ra5 26. b4 Ra7 27. Nxd5 Nb8 28. Nxb6 Nc6 29. Nd5 Ra2 30. Rb1 Nd4 31. Ne3 Ke7 32. b5 Kd7 33. Rb4 Nf3+ 34. Kc3 Nxh2 35. b6 Kc8 36. Nc4 Kb7 37. Nd6+ Kb8 38. Nxf7 Nf3 39. b7 h5 40. Nd8 Ra6 41. Rc4 Rb6 42. Rc8+ Ka7 43. b8Q+ Rxb8 44. Nc6+ Kb7 45. Rxb8+ Kxc6 46. Rg8 Nh4 47. Re8 Kd7 48. Re3 Ng2 49. Rf3 Ke6 50. Kd4 Kf6 51. c4 Ne1 52. Rh3 Ng2 53. c5 Nxf4 54. Rh1 Ke6 55. Re1+ Kd7 56. Kc4 h4 57. d4 h3 58. d5 g5 59. d6 g4 60. Re7+ Kd8 61. Rh7 1-0

[Event "Titled Tuesday intern op 12th Sep Early"]
[Site "Chess.com INT"]
[Date "2023.09.12"]
[Round "7"]
[White "Ljubarov, Mark"]
[Black "Arslanov, Shamil"]
[Result "1-0"]
[WhiteElo "2305"]
[BlackElo "2410"]
[PlyCount "99"]
[EventDate "2023.09.12"]
[EventType "swiss (blitz)"]
[EventRounds "11"]
[EventCountry "USA"]
[SourceTitle "EXT 2024"]
[Source "ChessBase"]
[SourceDate "2023.10.10"]
[SourceVersion "1"]
[SourceVersionDate "2023.10.10"]
[SourceQuality "1"]

1. e4 d6 2. d4 e5 3. dxe5 Nc6 4. exd6 Bxd6 5. Nf3 Bg4 6. Be2 Qe7 7. Nc3 0-0-0 8. Bd3 Nf6 9. Bg5 h6 10. Bh4 g5 11. Bg3 Bb4 12. Qe2 Nd4 13. Qe3 Bc5 14. Nxd4 Bxd4 15. Qd2 Bxc3 16. Qxc3 Nxe4 17. Qxc7+ Qxc7 18. Bxc7 Kxc7 19. Bxe4 Rhe8 20. f3 f5 21. 0-0 fxe4 22. fxg4 e3 23. Rfd1 e2 24. Rxd8 Rxd8 25. Re1 Rd2 26. Kf2 Rxc2 27. Rxe2 Rc6 28. Ke3 b5 29. h3 a5 30. Kd4 Kd6 31. b3 b4 32. Re5 Ra6 33. Rf5 Ke6 34. Kc5 Ra8 35. Kb5 Rc8 36. Kb6 a4 37. bxa4 Rc2 38. Rb5 Rxg2 39. Rxb4 Rxa2 40. a5 Kd7 41. a6 Kc8 42. a7 Ra1 43. Rb5 Ra2 44. Rc5+ Kd7 45. Ra5 Rb2+ 46. Kc5 Rc2+ 47. Kd5 Rd2+ 48. Ke5 Re2+ 49. Kf5 Re5+ 50. Kxe5 1-0

[Event "Titled Tuesday intern op 12th Sep Early"]
[Site "Chess.com INT"]
[Date "2023.09.12"]
[Round "4"]
[White "Ljubarov, Mark"]
[Black "Godzwon, Iwo"]
[Result "1-0"]
[WhiteElo "2305"]
[BlackElo "2411"]
[PlyCount "61"]
[EventDate "2023.09.12"]
[EventType "swiss (blitz)"]
[EventRounds "11"]
[EventCountry "USA"]
[SourceTitle "EXT 2024"]
[Source "ChessBase"]
[SourceDate "2023.10.10"]
[SourceVersion "1"]
[SourceVersionDate "2023.10.10"]
[SourceQuality "1"]

1. e4 e6 2. d4 d5 3. e5 c5 4. c3 Nc6 5. Nf3 Qb6 6. a3 Bd7 7. b4 cxd4 8. cxd4 Nge7 9. Nc3 Nf5 10. Na4 Qd8 11. Be3 Be7 12. Bd3 Nxe3 13. fxe3 0-0 14. 0-0 b6 15. Rc1 f6 16. Qc2 h6 17. exf6 Bxf6 18. Nc3 Rc8 19. Qd2 Qe7 20. Bb1 a5 21. Qd3 g5 22. b5 Nd8 23. Na4 Rb8 24. Rc7 Bxb5 25. Qg6+ Qg7 26. Rxg7+ Bxg7 27. Qh7+ Kf7 28. Ne5+ Ke8 29. Bg6+ Ke7 30. Qxg7+ Kd6 31. Qxf8+ 1-0

[Event "Titled Tuesday intern op 12th Sep Early"]
[Site "Chess.com INT"]
[Date "2023.09.12"]
[Round "5"]
[White "Ljubarov, Mark"]
[Black "Pham, Le Thao Nguyen"]
[Result "1/2-1/2"]
[WhiteElo "2305"]
[BlackElo "2380"]
[PlyCount "145"]
[EventDate "2023.09.12"]
[EventType "swiss (blitz)"]
[EventRounds "11"]
[EventCountry "USA"]
[SourceTitle "EXT 2024"]
[Source "ChessBase"]
[SourceDate "2023.10.10"]
[SourceVersion "1"]
[SourceVersionDate "2023.10.10"]
[SourceQuality "1"]

1. e4 c6 2. c4 e5 3. Nc3 d6 4. Nf3 Nd7 5. Be2 Ngf6 6. 0-0 Be7 7. h3 0-0 8. Qc2 Re8 9. d4 Bf8 10. Rd1 a6 11. b4 b5 12. dxe5 dxe5 13. a3 Qc7 14. c5 g6 15. Bb2 Nh5 16. Bf1 Nf4 17. Ne2 Nxe2+ 18. Bxe2 Bg7 19. Rd2 Nf8 20. Rd6 a5 21. Qb3 Be6 22. Qd3 Bc4 23. Qe3 Bxe2 24. Qxe2 axb4 25. axb4 Rxa1+ 26. Bxa1 Re6 27. Qd2 Re8 28. Bc3 f6 29. Qd3 Kh8 30. g3 Kg8 31. Kg2 Kf7 32. Qd1 Ke7 33. Qb3 Rd8 34. Qg8 Bh6 35. Nxe5 Rxd6 36. cxd6+ Qxd6 37. Nf3 Qe6 38. Qxe6+ Nxe6 39. g4 Bf8 40. Kg3 Kf7 41. Nd2 Bd6+ 42. Kf3 Ng5+ 43. Kg2 Ne6 44. h4 Nf4+ 45. Kf3 g5 46. h5 Ke6 47. Ke3 Be5 48. Bxe5 fxe5 49. Nb3 Kd6 50. Nc5 Ne6 51. Nd3 c5 52. bxc5+ Nxc5 53. Nb4 Na4 54. f3 Nb2 55. Kd2 Kc5 56. Kc3 Na4+ 57. Kb3 Kd4 58. Nc6+ Ke3 59. Nxe5 Kf4 60. Nf7 Nc5+ 61. Kb4 Ne6 62. Kxb5 Nd4+ 63. Kc4 Nxf3 64. Kd5 Kxg4 65. e5 Nxe5 66. Kxe5 Kxh5 67. Kf5 Kh4 68. Nxg5 h5 69. Ne4 Kh3 70. Ng5+ Kg3 71. Kg6 h4 72. Kh5 h3 73. Nxh3 1/2-1/2

[Event "Titled Tuesday intern op 12th Sep Early"]
[Site "Chess.com INT"]
[Date "2023.09.12"]
[Round "2"]
[White "Ljubarov, Mark"]
[Black "Wagner, Dennis"]
[Result "0-1"]
[WhiteElo "2305"]
[BlackElo "2589"]
[PlyCount "64"]
[EventDate "2023.09.12"]
[EventType "swiss (blitz)"]
[EventRounds "11"]
[EventCountry "USA"]
[SourceTitle "EXT 2024"]
[Source "ChessBase"]
[SourceDate "2023.10.10"]
[SourceVersion "1"]
[SourceVersionDate "2023.10.10"]
[SourceQuality "1"]

1. e4 e5 2. Nf3 Nc6 3. Bc4 Nf6 4. d4 exd4 5. 0-0 Nxe4 6. Re1 d5 7. Bxd5 Qxd5 8. Nc3 Qd7 9. Nxe4 Be7 10. Bg5 0-0 11. Bxe7 Qxe7 12. Nxd4 Bd7 13. Qh5 Qb4 14. c3 Qxb2 15. Rab1 Qxa2 16. Rxb7 Nxd4 17. cxd4 Bc6 18. Ng5 h6 19. Rxc7 Qa5 20. Rc1 Qxc7 21. d5 Qf4 22. Rxc6 Qxg5 23. Qf3 Rac8 24. h3 Rxc6 25. dxc6 Qc5 26. g4 a5 27. Kg2 a4 28. Kg3 a3 29. Qb3 Qxc6 30. Qxa3 Rd8 31. f3 Qd6+ 32. Qxd6 Rxd6 0-1

[Event "Titled Tuesday intern op 12th Sep Early"]
[Site "Chess.com INT"]
[Date "2023.09.12"]
[Round "8"]
[White "Nigalidze, Gaioz"]
[Black "Ljubarov, Mark"]
[Result "1-0"]
[WhiteElo "2421"]
[BlackElo "2305"]
[PlyCount "99"]
[EventDate "2023.09.12"]
[EventType "swiss (blitz)"]
[EventRounds "11"]
[EventCountry "USA"]
[SourceTitle "EXT 2024"]
[Source "ChessBase"]
[SourceDate "2023.10.10"]
[SourceVersion "1"]
[SourceVersionDate "2023.10.10"]
[SourceQuality "1"]

1. d4 Nf6 2. c4 e6 3. Nf3 d5 4. Nc3 c5 5. cxd5 Nxd5 6. e4 Nxc3 7. bxc3 cxd4 8. cxd4 Bb4+ 9. Bd2 Qa5 10. Bd3 Nc6 11. 0-0 Bxd2 12. Nxd2 Nxd4 13. Nc4 Qd8 14. e5 0-0 15. Nd6 Nf5 16. Bxf5 exf5 17. Qd5 Be6 18. Qxb7 Qb6 19. Qf3 Qd4 20. Rfe1 Qg4 21. Qc3 a5 22. h3 Qg5 23. Qd4 Rab8 24. f4 Qh4 25. Qf2 Qxf2+ 26. Kxf2 Rb2+ 27. Re2 Rfb8 28. a3 h6 29. Rae1 R8b3 30. Rxb2 Rxb2+ 31. Re2 Rb3 32. Re3 Rb2+ 33. Kg1 Bd5 34. g3 g5 35. Nxf5 Kh7 36. Nd4 Kg6 37. f5+ Kh5 38. e6 Rb1+ 39. Kf2 Rb2+ 40. Ke1 fxe6 41. fxe6 Rb8 42. e7 Bf7 43. Nf5 Kg6 44. Nd6 Be8 45. Rf3 Rb6 46. Nxe8 Re6+ 47. Kd2 Rxe7 48. Nd6 Rd7 49. Rd3 h5 50. Nc4 1-0

[Event "Titled Tuesday intern op 15th Aug Early"]
[Site "Chess.com INT"]
[Date "2023.08.15"]
[Round "2"]
[White "Ljubarov, Mark"]
[Black "Burmakin, Evgeniy"]
[Result "0-1"]
[WhiteElo "2305"]
[BlackElo "2179"]
[PlyCount "82"]
[EventDate "2023.08.15"]
[EventType "swiss (blitz)"]
[EventRounds "11"]
[EventCountry "USA"]
[SourceTitle "EXT 2024"]
[Source "ChessBase"]
[SourceDate "2023.10.10"]
[SourceVersion "1"]
[SourceVersionDate "2023.10.10"]
[SourceQuality "1"]

1. d4 Nf6 2. c4 g6 3. Nf3 Bg7 4. Nc3 0-0 5. e4 d6 6. Bd3 e5 7. d5 a5 8. 0-0 Nh5 9. a3 Nf4 10. Bxf4 exf4 11. Qd2 Qf6 12. Rfe1 Nd7 13. Nb5 c6 14. Nbd4 Ne5 15. dxc6 Nxf3+ 16. Nxf3 bxc6 17. h3 a4 18. Rab1 Rb8 19. Bc2 Rxb2 20. e5 dxe5 21. Rxb2 e4 22. Nd4 Qxd4 23. Qxd4 Bxd4 24. Rb8 e3 25. fxe3 fxe3 26. Bxa4 c5 27. Bc6 Bf5 28. Rxf8+ Kxf8 29. a4 Bd3 30. Bf3 e2+ 31. Kh2 Bc3 32. Rxe2 Bxe2 33. Bxe2 Ke7 34. Bf3 Kd6 35. Bd5 f6 36. g4 Ke5 37. Kg3 f5 38. gxf5 gxf5 39. Kf3 f4 40. Kg4 Bd2 41. h4 Kd4 0-1

[Event "Titled Tuesday intern op 25th Jul Early"]
[Site "Chess.com INT"]
[Date "2023.07.25"]
[Round "10"]
[White "Alahakoon, Isuru"]
[Black "Ljubarov, Mark"]
[Result "0-1"]
[WhiteElo "1806"]
[BlackElo "2305"]
[PlyCount "68"]
[EventDate "2023.07.25"]
[EventType "swiss (blitz)"]
[EventRounds "11"]
[EventCountry "USA"]
[SourceTitle "EXT 2024"]
[Source "ChessBase"]
[SourceDate "2023.10.10"]
[SourceVersion "1"]
[SourceVersionDate "2023.10.10"]
[SourceQuality "1"]

1. Nf3 Nf6 2. d4 g6 3. Nc3 Bg7 4. e4 d6 5. Bf4 0-0 6. Qd2 c5 7. dxc5 dxc5 8. 0-0-0 Qxd2+ 9. Rxd2 Nc6 10. h3 Nh5 11. Be3 Bxc3 12. bxc3 b6 13. Bb5 Na5 14. e5 Bb7 15. Rd7 Bc6 16. Bxc6 Nxc6 17. g4 Ng7 18. Rhd1 Ne6 19. Ng5 Nxe5 20. Rxe7 Rfe8 21. Rxe8+ Rxe8 22. Ne4 Rd8 23. Rxd8+ Nxd8 24. Bf4 Nc4 25. Nf6+ Kg7 26. Nd5 f5 27. a4 fxg4 28. hxg4 h5 29. gxh5 gxh5 30. Bg3 Kg6 31. Nf4+ Kg5 32. Ng2 Kg4 33. Nh4 Ne6 34. Ng6 Ng5 0-1

[Event "Titled Tuesday intern op 11th Jul Early"]
[Site "Chess.com INT"]
[Date "2023.07.11"]
[Round "2"]
[White "Ljubarov, Mark"]
[Black "Petrosian, Karlen"]
[Result "0-1"]
[WhiteElo "2305"]
[BlackElo "2348"]
[PlyCount "36"]
[EventDate "2023.07.11"]
[EventType "swiss (blitz)"]
[EventRounds "11"]
[EventCountry "USA"]
[SourceTitle "EXT 2024"]
[Source "ChessBase"]
[SourceDate "2023.10.10"]
[SourceVersion "1"]
[SourceVersionDate "2023.10.10"]
[SourceQuality "1"]

1. g3 Nf6 2. Bg2 g6 3. d4 Bg7 4. c4 d6 5. Nf3 0-0 6. 0-0 Bf5 7. Nc3 Ne4 8. Bf4 Nxc3 9. bxc3 Be4 10. Nd2 Bxg2 11. Kxg2 c5 12. Be3 Nc6 13. d5 Na5 14. Qa4 Bxc3 15. Rab1 b6 16. Ne4 Bg7 17. Bd2 Qe8 18. f4 Qxa4 0-1

[Event "Titled Tuesday intern op 04th Jul Late"]
[Site "Chess.com INT"]
[Date "2023.07.04"]
[Round "6"]
[White "Ljubarov, Mark"]
[Black "Di Berardino, Diego Rafael"]
[Result "0-1"]
[WhiteElo "2305"]
[BlackElo "2484"]
[PlyCount "76"]
[EventDate "2023.07.04"]
[EventType "swiss (blitz)"]
[EventRounds "11"]
[EventCountry "USA"]
[SourceTitle "EXT 2024"]
[Source "ChessBase"]
[SourceDate "2023.10.10"]
[SourceVersion "1"]
[SourceVersionDate "2023.10.10"]
[SourceQuality "1"]

1. d4 Nf6 2. c4 g6 3. Nc3 d5 4. cxd5 Nxd5 5. e4 Nxc3 6. bxc3 Bg7 7. Nf3 c5 8. Be3 Qa5 9. Qd2 Nc6 10. Be2 Bg4 11. e5 Rd8 12. Rd1 Bxf3 13. Bxf3 Nxe5 14. Bxb7 0-0 15. 0-0 Nc4 16. Qe2 Nxe3 17. Qxe3 cxd4 18. cxd4 e6 19. Qd2 Qb6 20. Rb1 Qxd4 21. Qxd4 Rxd4 22. Rfd1 Rfd8 23. Rxd4 Rxd4 24. f3 Rd2 25. a4 Bd4+ 26. Kh1 h5 27. Bc6 h4 28. h3 Ra2 29. Bb5 Kg7 30. Bc6 e5 31. Bd7 f5 32. Bc6 Kf6 33. Be8 Kg5 34. Rc1 e4 35. fxe4 fxe4 36. Re1 Bf2 37. Bf7 Rb2 38. Rd1 e3 0-1

[Event "Titled Tuesday intern op 04th Jul Late"]
[Site "Chess.com INT"]
[Date "2023.07.04"]
[Round "10"]
[White "Ljubarov, Mark"]
[Black "Romero Arzuaga, Yudel"]
[Result "0-1"]
[WhiteElo "2305"]
[BlackElo "2218"]
[PlyCount "120"]
[EventDate "2023.07.04"]
[EventType "swiss (blitz)"]
[EventRounds "11"]
[EventCountry "USA"]
[SourceTitle "EXT 2024"]
[Source "ChessBase"]
[SourceDate "2023.10.10"]
[SourceVersion "1"]
[SourceVersionDate "2023.10.10"]
[SourceQuality "1"]

1. e4 d5 2. exd5 Qxd5 3. Nc3 Qd8 4. d4 c6 5. Be3 Bf5 6. Nf3 e6 7. Bd3 Bxd3 8. Qxd3 Nf6 9. Ne4 Nbd7 10. 0-0 Be7 11. c4 0-0 12. Rfd1 Nxe4 13. Qxe4 Nf6 14. Qc2 Qa5 15. Ne5 Rad8 16. a3 Nd7 17. b4 Qc7 18. Qe4 Nxe5 19. dxe5 Rxd1+ 20. Rxd1 Rd8 21. Rxd8+ Qxd8 22. g3 a5 23. b5 Qd7 24. a4 h6 25. Kg2 Bb4 26. Qg4 Kf8 27. h4 cxb5 28. cxb5 Qd5+ 29. Qf3 Qd7 30. h5 Kg8 31. Qe4 Qc7 32. Qd4 Bc3 33. Qb6 Bxe5 34. Qxc7 Bxc7 35. Kf3 f6 36. Ke4 Kf7 37. Kd3 g6 38. hxg6+ Kxg6 39. Kc4 b6 40. Kd4 h5 41. Ke4 Bd8 42. Bd4 Bc7 43. Bc3 f5+ 44. Kf3 e5 45. Ke3 Kg5 46. f3 f4+ 47. Kf2 fxg3+ 48. Kxg3 Kf5 49. Kg2 e4 50. fxe4+ Kxe4 51. Kh3 Kd3 52. Be1 Kc4 53. Kh4 Kb3 54. Kxh5 Kxa4 55. Kg4 Kxb5 56. Kf3 Kc4 57. Ke2 Kb3 58. Kd1 Bf4 59. Bh4 b5 60. Be7 b4 0-1